000
00320nam a22001337a 4500
999
_c
55009
_d
55009
008
200204b ||||| |||| 00| 0 eng d
041
_a
eng
080
_2
043.3
_a
043.3
082
_a
043.3
100
_a
0
101
_a
BTH
245
_a
Abrupcioni i Placentës dhe Përfundimi Peripartal
_c
Rashica,D
942
_2
udc
_c
BK